000 00823cam a2200253 a 4500
001 000007780
005 20200929154310.0
008 910128s1989 mx a 001 0 spa
020 _a9686050043 (rustica)
020 _a9686050051 (pasta)
040 _aDO-SdBNP
_cDLC
_dDLC
082 _aM860.4
_bZ57a, 1989
100 1 _aZepeda, Eraclio,
_d1937-
_921483
245 1 0 _aAndando el tiempo /
_cEraclio Zepeda ; ilustraciones, Antonio Martorell.
250 _a3a ed.
260 _aMéxico :
_bLa Letra,
_c1989.
300 _a131 p. :
_bil. ;
_c22 cm.
490 1 _aLos que Cuentan
650 4 _aLiteratura mexicana
_91922
600 1 4 _aZEPEDA, ERACLIO,
_d1937-
_xCRÍTICA E INTERPRETACIÓN
_921484
700 1 _aMartorrell, Antonio,
_eil.
_921485
830 4 _aLos que Cuentan
_921486
910 _aCatalogación por copia / LC
999 _c7558
_d7558